000 00953nam a2200277Ia 4500
003 OSt
005 20220918171027.0
006 a|||||r|||| 00| 0
007 ta
008 220917b |||||||| |||| 00| 0 eng d
020 _a9781138000759 (hbk)
_c7972
024 _a286,898
037 _b1663, 22/12/2015, The Book Seller
_cTextual
040 _aARTS
_cARTS
_beng
041 _2eng
_aeng
082 _aO111,2J64:g(S:4), Q4
100 _aJohnson Laurie Ed.
_933287
245 0 _aEmbodied cognition and Shakespeare's theatre
_b Early modern body mind
260 _aNew York
_bRoutledge
_c2014
490 _aRoutledge studies in shakespeare
650 _aENGLISH LITERATURE
700 _a Sutton John Ed.
_933288
700 _a Tribble Evelyn Ed.
_933289
942 _hO111,2J64:g(S:4), Q4
_cTEXL
_2CC
999 _c137379
_d137379